000 00743nam a2200193 a 4500
003 0
005 20250313072450.0
008 090710s19uu xx 00 eng d
050 _aPHS SB 112
_b.M765 2009
100 _aMontaño, Ysabella.
245 _aThe Effect of seaweed (Ulva lactuca) extract on the germination and growth of radish (Raphanus sativus) seeds /
_cYsabella Montaño.
260 _aLas Piñas City, Philippines :
_bSouthville International School and Colleges,
_c2009.
300 _a32 pages :
_billustrations ;
_c28 cm.
504 _aIncludes bibliographical references.
650 _aRadish
_xSeeds
_vGermination.
650 _aPlant extracts
_xAgricultural applications.
650 _aSeed germination.
942 _2lcc
_cPASS
999 _c98259
_d98259